000 03034nam2a22005171 4500
001 v19\rc\1545162
005 20260406160558.0
035 _a(NLR Aleph) 005235330
090 _a5648259
_c5648259
100 _a20060620d1882 u y0rusy50 ca
101 0 _arus
102 _aRU
105 _ay b |||a|
200 1 _a[1. Игорь, князь северский
_e(Слово о полку Игореве)
_eПоэма в 12-ти песнях
_eС древне-рус.
_a2. Гайдамаки
_eПоэма в 10-ти песнях Тараса Шевченко
_a3. Катерина
_eПоэма Тараса Шевченко
_a4. Паризина
_eПоэма лорда Байрона
_a5. Осада Коринфа
_eПоэма лорда Байрона
_a6. Морской разбойник
_eПоэма в 3-х песнях лорда Байрона
_a7. Лара
_eПоэма в 2 песнях лорда Байрона
_a8. Остров
_eПоэма в 4-х песнях лорда Байрона
_a9. Жалоба Тасса
_eПоэма лорда Байрона
_a10. Проклятие Минервы
_eСатира лорда Байрона
_a11. Небо и земля
_eМистерия в 3 сценах лорда Байрона]
210 _aСанкт-Петербург
_cтип. В. Безобразова и К°
_d1882
215 _a[6], 415 с.
461 0 _1001v19\rc\1545161
_12001#$aПолное собрание стихотворений$f[Соч.] Николая Гербеля. Т. 1-2$vТ. 1
_93562936
_aГербель, Н. В. (1827-1883)
_cСанкт-Петербург
_d1882
_f[Соч.] Николая Гербеля. Т. 1-2
_nтип. В. Безобразова и К°
_p2 т.
_tПолное собрание стихотворений
_vТ. 1
517 0 _aИгорь, князь Северский
517 0 _aГайдамаки
517 0 _aКатерина
517 0 _aПаризина
517 0 _aОсада Коринфа
517 0 _aМорской разбойник
517 0 _aЛара
517 0 _aОстров
517 0 _aЖалоба Тасса
517 0 _aПроклятие Минервы
517 0 _aНебо и земля
702 1 _4100
_7ca
_8rus
_aШевченко
_bТ. Г.
_cпоэт
_f1814-1861
_gТарас Григорьевич
_97110
_3RU\NLR\AUTH\7724058
702 1 _4100
_7ca
_8rus
_aБайрон
_bД. Г.
_f1788-1824
_gДжордж Гордон
_9118209
_3RU\NLR\AUTH\778298
702 0 _4570
_7ca
_8rus
_aИгорь Святославич
_cкнязь новгород-северский
_fок. 1150-1202
_937970
_3RU\NLR\AUTH\7755038
801 2 _aRU
_bNLR
_c20070817
_2rusmarc
801 0 _aRU
_bNLR
_gpsbo
801 0 _aRU
_bRuMoRGB
_2psbo
801 1 _aRU
_bProSoft-M
_2rusmarc
852 _aNLR
_j18.158.5.13
852 _aNLR
_j132/3683
899 _aRuMoRGB
_jB 10/150
899 _aRuMoRGB
_jB 10/166
899 _aRuMoRGB
_jU 344/18
899 _aБАН
899 _aНБ СПбГУ
899 _aГПИБ
899 _aНБ МГУ
942 _cBOOK
980 _aNB